English composition for colleges, (Record no. 55470)

MARC details
000 -LEADER
fixed length control field 00766cam a22002291 4500
001 - CONTROL NUMBER
control field sa 63004113
003 - CONTROL NUMBER IDENTIFIER
control field DLC
005 - DATE AND TIME OF LATEST TRANSACTION
control field 20260227111946.0
008 - FIXED-LENGTH DATA ELEMENTS--GENERAL INFORMATION
fixed length control field 880429s1961 pk 000 0 eng
010 ## - LIBRARY OF CONGRESS CONTROL NUMBER
LC control number sa 63004113
025 ## - OVERSEAS ACQUISITION NUMBER
Overseas acquisition number PL480:P-E-299
035 ## - SYSTEM CONTROL NUMBER
System control number (OCoLC)17870854
040 ## - CATALOGING SOURCE
Original cataloging agency DLC
Transcribing agency ICRL
Modifying agency DLC
050 00 - LIBRARY OF CONGRESS CALL NUMBER
Classification number PE1408
Item number .H8 1961
100 1# - MAIN ENTRY--PERSONAL NAME
Personal name Hussain, Badruddin G.
245 10 - TITLE STATEMENT
Title English composition for colleges,
Remainder of title for the students of arts, science, and commerce classes.
Statement of responsibility, etc. Revised by M.A. Farooqi [and] Syed Zafar Ali Rizvi.
250 ## - EDITION STATEMENT
Edition statement [2d ed., rev. and enl.]
260 ## - PUBLICATION, DISTRIBUTION, ETC.
Place of publication, distribution, etc. Karachi,
Name of publisher, distributor, etc. Alia Pub. House
Date of publication, distribution, etc. [1961]
300 ## - PHYSICAL DESCRIPTION
Extent 624 p.
Dimensions 19 cm.
650 #0 - SUBJECT ADDED ENTRY--TOPICAL TERM
Topical term or geographic name entry element English language
General subdivision Rhetoric.
650 #0 - SUBJECT ADDED ENTRY--TOPICAL TERM
Topical term or geographic name entry element English language
General subdivision Grammar
Form subdivision Problems, exercises, etc.

No items available.

Powered by Koha